| 000 | 00542nam a22002057a 4500 | ||
|---|---|---|---|
| 003 | BD-DhUIB | ||
| 005 | 20251130185050.0 | ||
| 008 | 251130b |||||||| |||| 00| 0 eng d | ||
| 020 | _a9780324422702 | ||
| 040 |
_aBD-DhUIB _cBD-DhUIB |
||
| 050 | _a658.15 | ||
| 082 | _222 | ||
| 100 |
_aBrigham, Besley. _91101 |
||
| 245 |
_aEssentials of managerial finance/ _cby Besley and Brigham. |
||
| 250 | _a14th ed. | ||
| 260 |
_aAustralia. _bSouth-Western. _cc2008. |
||
| 300 |
_axiii, 834p. : _billus. : _c25cm. |
||
| 526 | _aBBA. | ||
| 942 |
_2ddc _cBK |
||
| 999 |
_c682 _d682 |
||